Why don't you convent ? : (Record no. 138623)

MARC details
000 -LEADER
fixed length control field 00513nam a22001817a 4500
005 - DATE AND TIME OF LATEST TRANSACTION
control field 20230210165131.0
010 ## - LCCN (DPL NO)
LC control number ENG-117690
020 ## - INTERNATIONAL STANDARD BOOK NUMBER
International Standard Book Number 9789382711643
Terms of availability 245.00
035 ## - SYSTEM CONTROL NUMBER
System control number EN-101222
037 ## - SOURCE OF ACQUISITION
Source of stock number/acquisition DABD/PUB
082 ## - DEWEY DECIMAL CLASSIFICATION NUMBER
Classification number S
100 ## - MAIN ENTRY--PERSONAL NAME
Personal name Chowdhury,K.L.
245 ## - TITLE STATEMENT
Title Why don't you convent ? :
Remainder of title and other stories /
Statement of responsibility, etc by K.L.Chowdhury
260 ## - PUBLICATION, DISTRIBUTION, ETC. (IMPRINT)
Place of publication, distribution, etc Delhi
Name of publisher, distributor, etc Vitasta Publishing
Date of publication, distribution, etc 2015
270 ## - ADDRESS
Address 2/15,Ansari Road,Daryaganj
City New Delhi
Postal code 110002
300 ## - PHYSICAL DESCRIPTION
Extent xi,263p.
Dimensions 20cm(pbk)
942 ## - ADDED ENTRY ELEMENTS (KOHA)
Source of classification or shelving scheme Dewey Decimal Classification
Item type English Books
Classification part S
Call number suffix CHO
Holdings
Withdrawn status Lost status Not for loan Home library Current library Date acquired Source of acquisition Cost, normal purchase price Full call number Barcode Copy number Cost, replacement price Koha item type
      Diz Area Diz Area 03/04/2017 DBAD/PUB 245.00 S-CHO EN-101222 1 245.00 English Books

© Delhi Public Library
Hit Counter
free hit counter